| 000 | 00639nam a2200157 a 4500 | ||
|---|---|---|---|
| 008 | 120416s1973 ||||||||||||||||| || u | ||
| 050 | _aHB 75 Rol | ||
| 100 | _aRoll, Sir Eric, 1907- | ||
| 245 | 1 | 2 | _aA history of economic thought |
| 250 | _a4th ed. re | ||
| 260 |
_aLondon _bFaber and Faber _c1973 |
||
| 300 | _a620p. | ||
| 350 | _a0.00 | ||
| 995 |
_aMAIN LIBRARY OPEN ACCESS _D0.00 _e020726 _FCBU-MAIN LIBRARY (Kitwe) _H1 _I4.95 _jHB 75 Rol _UAVAILABLE _y020726 _ZMain Library Open Access Collection |
||
| 995 |
_aBINDERY (DAMAGED) _D0.00 _e001801 _FCBU-MAIN LIBRARY (Kitwe) _H2 _I4.95 _jHB 75 Rol _UDAMAGED _y001801 _ZMain Library Open Access Collection |
||
| 999 |
_c76305 _d76305 |
||